000 00782nab a2200253 a 4500
001 63585
003 136184
005 20201118110032.0
008 ||||||n9999 ||| || ||
041 _aspa
100 _aCzerny, MirosLawa
245 0 _aEl proceso de desconcentracion :
_buna alternativa de desarrollo de las ciudades medianas y pequenas
260 _aEcuador :
_bSociedad Interamericana de Planificación-SIAP,
_c1991.
300 _app.61-72
562 _e0
650 _aAMÉRICA LATINA
650 _aCIUDADES INTERMEDIAS
650 _aCIUDADES PEQUEÑAS
650 _aDESARROLLO URBANO
650 _aDESCENTRALIZACION TERRITORIAL
650 _aURBANIZACIÓN
773 _063581
_aRevista Interamericana de Planificacion - Vol.24 No.93
942 _cSART
999 _c63585
_d63585